000 00881nam a2200253 a 4500
001 000031157
003 DO-SdBNP
005 20220426131310.0
007 ta
008 110614s2008 dr r 000 0 spa d
040 _aDO-SdBNP
_bspa
_cBNPHU
082 _axxx
_bxxxx
111 2 _957630
245 1 0 _aTasas de cumplimiento y abandono al tratamiento antirretroviral en personas seropositivas al VIH en la República Dominicana /
_cEditado por Eddy Pérez-Then
260 _aSanto Domingo :
_bCentro Nacional de Investigaciones en Salud Materno Infantil,
_c2008.
300 _a11 p.;
_c27 centímetros.
490 _aPublicaciones ténicas ;
_v3
590 _aInventariado, 2022 / DG
650 4 _aSíndrome de inmunodeficiencia adquirida
_978184
700 _4Pérez Then, Eddy
_eEditor
830 _nPublicaciones ténicas ;
_p3
_981499
910 _aDG
942 _2ddc
_cLF2
999 _c51583
_d51583